00503pab a2200169 454500008004000000100002000040245005700060260000900117300001400126362000800140650003000148650003500178650004400213650002800257700002200285773002600307180718b2004 xxu||||| |||| 00| 0 eng d aRallings, Colin aElections and public opinion: leaders under pressure c2004 ap.380-95. aApr aElections - Great Britain aPublic opinion - Great Britain aGreat Britain - Politics and government aPolitics and government aThrasher, Michael aParliamentary Affairs